000 00896nam a2200277Ia 4500
003 OSt
005 20220918171458.0
006 a|||||r|||| 00| 0
007 ta
008 220917b |||||||| |||| 00| 0 eng d
020 _a9781843347385 (pbk)
_c5336.30
024 _a283,857
037 _b7395, 12/02/2015, Efficient Book Distributors
_cTextual
040 _aARTS
_cARTS
_beng
041 _2eng
_aeng
082 _a2:51M76, P7;Q3
100 _aSatija M. P.
_95849
245 0 _aTheory and practice of the dewey decimal classification system
250 _a2nd
260 _aOxford
_bChandos Publishing UK
_c2013
300 _axxiii, 302p.
_ccm.
490 _aChandos : Information professional series
650 _aLIBRARY SCIENCE
942 _h2:51M76, P7;Q3
_cTEXL
_2CC
999 _c139755
_d139755